Características de la interconexión eléctrica centroamericana: variables y parámetros obligatorios para los países interconectados y su cumplimiento actual
Gorde:
| Egile nagusia: | |
|---|---|
| Beste egile batzuk: | |
| Formatua: | Liburua |
| Hizkuntza: | Spanish |
| Argitaratua: |
[San José], Costa Rica
2014
|
| Gaiak: | |
| Etiketak: |
Etiketa erantsi
Etiketarik gabe, Izan zaitez lehena erregistro honi etiketa jartzen!
|
MARC
| LEADER | 00000nam a22000007a 4500 | ||
|---|---|---|---|
| 003 | 012040 | ||
| 005 | 20230628095332.0 | ||
| 008 | 150219b2014 cr a|||| |||| 00| ||spa d | ||
| 040 | |c cru CEDI | ||
| 100 | |9 821 |a Badilla Rodríguez, Stefany, 1990- | ||
| 245 | |a Características de la interconexión eléctrica centroamericana: variables y parámetros obligatorios para los países interconectados y su cumplimiento actual | ||
| 260 | |a [San José], Costa Rica |c 2014 | ||
| 500 | |a Proyecto de graduación (bachillerato en ingeniería eléctrica)-- Universidad de Costa Rica. Facultad de Ingeniería. Escuela de Ingeniería Eléctrica | ||
| 501 | |a Profesor Guía de IE-0499 Proyecto Eléctrico: Dr. Jorge Blanco Roldán | ||
| 650 | |x SISTEMAS DE INTERCONEXION ELECTRICA - HISTORIA - AMERICA CENTRAL |x DISTRIBUCION DE ENERGIA ELECTRICA - AMERICA CENTRAL |x REDES ELECTRICAS |9 176 | ||
| 700 | |9 736 |a Blanco Roldán, Jorge, 1950- |d Director de Proyecto Eléctrico | ||
| 942 | |c CEDI |h TFG 7206 |6 TFG_7206_000000000000000 | ||
| 999 | |c 13573 |d 13573 | ||
